The Effect of Ion-Plasma Treatment on Micromechanical Characteristics of Compositional Layers in Austenitic Stainless Steel with Different Grain Sizes; AIP Conference Proceedings; Vol. 2167 : Advanced Materials with Hierarchical Structure for New Technologies and Reliable Structures 2019 (AMHS'19)
| Parent link: | AIP Conference Proceedings Vol. 2167 : Advanced Materials with Hierarchical Structure for New Technologies and Reliable Structures 2019 (AMHS'19).— 2019.— [020233, 5 p.] |
|---|---|
| 主要作者: | |
| 企業作者: | |
| 其他作者: | , |
| 總結: | Title screen In this work, using nanoindentation method and optical microscopy, the local micromechanical characteristics of compositional layers were investigated for fine-grained (3-7 [mu]m) and coarse-grained (70 [mu]m) 316L-type austenitic stainless steel subjected to ion-plasma treatment in a mixture of gases (N[2]+C[2]H[2]+Ar). Independently of the grain size, the ion-plasma treatment facilitates a formation of heterogeneous composition layers of≈12-25 [mu]m in thickness in steel specimens. The thickness of the hardened layer and diffusion zone increases with an increase in grain size. Режим доступа: по договору с организацией-держателем ресурса |
| 語言: | 英语 |
| 出版: |
2019
|
| 主題: | |
| 在線閱讀: | https://doi.org/10.1063/1.5132100 |
| 格式: | 電子 Book Chapter |
| KOHA link: | https://koha.lib.tpu.ru/cgi-bin/koha/opac-detail.pl?biblionumber=661519 |
MARC
| LEADER | 00000naa2a2200000 4500 | ||
|---|---|---|---|
| 001 | 661519 | ||
| 005 | 20260203143212.0 | ||
| 035 | |a (RuTPU)RU\TPU\network\32142 | ||
| 035 | |a RU\TPU\network\32139 | ||
| 090 | |a 661519 | ||
| 100 | |a 20200109d2019 k||y0rusy50 ba | ||
| 101 | 0 | |a eng | |
| 135 | |a drcn ---uucaa | ||
| 181 | 0 | |a i | |
| 182 | 0 | |a b | |
| 200 | 1 | |a The Effect of Ion-Plasma Treatment on Micromechanical Characteristics of Compositional Layers in Austenitic Stainless Steel with Different Grain Sizes |f V. Moskvina, G. Maier, E. Zagibalova | |
| 203 | |a Text |c electronic | ||
| 300 | |a Title screen | ||
| 320 | |a [References: 11 tit.] | ||
| 330 | |a In this work, using nanoindentation method and optical microscopy, the local micromechanical characteristics of compositional layers were investigated for fine-grained (3-7 [mu]m) and coarse-grained (70 [mu]m) 316L-type austenitic stainless steel subjected to ion-plasma treatment in a mixture of gases (N[2]+C[2]H[2]+Ar). Independently of the grain size, the ion-plasma treatment facilitates a formation of heterogeneous composition layers of≈12-25 [mu]m in thickness in steel specimens. The thickness of the hardened layer and diffusion zone increases with an increase in grain size. | ||
| 333 | |a Режим доступа: по договору с организацией-держателем ресурса | ||
| 461 | 1 | |0 (RuTPU)RU\TPU\network\4816 |t AIP Conference Proceedings | |
| 463 | 1 | |0 (RuTPU)RU\TPU\network\31884 |t Vol. 2167 : Advanced Materials with Hierarchical Structure for New Technologies and Reliable Structures 2019 (AMHS'19) |o Proceedings of the International Conference, 1–5 October 2019, Tomsk, Russia |f National Research Tomsk Polytechnic University (TPU) ; Institute of Strength Physics and Materials Science SB RAS (Russia) ; eds. V. E. Panin ; S. G. Psakhie ; V. M. Fomin |v [020233, 5 p.] |d 2019 | |
| 610 | 1 | |a электронный ресурс | |
| 610 | 1 | |a труды учёных ТПУ | |
| 610 | 1 | |a ионно-плазменная обработка | |
| 610 | 1 | |a микромеханические характеристики | |
| 610 | 1 | |a слои | |
| 610 | 1 | |a нержавеющие стали | |
| 610 | 1 | |a наноиндентирование | |
| 610 | 1 | |a оптическая микроскопия | |
| 610 | 1 | |a зерна | |
| 700 | 1 | |a Moskvina |b V. |g Valentina | |
| 701 | 1 | |a Maier |b G. |g Galina | |
| 701 | 1 | |a Zagibalova |b E. |g Elena | |
| 712 | 0 | 2 | |a National Research Tomsk Polytechnic University |3 (RuTPU)RU\TPU\col\18773 |9 27197 |
| 801 | 2 | |a RU |b 63413507 |c 20200109 |g RCR | |
| 856 | 4 | |u https://doi.org/10.1063/1.5132100 | |
| 942 | |c CF | ||